Applied regression including computing and graphics

Αποθηκεύτηκε σε:
Λεπτομέρειες βιβλιογραφικής εγγραφής
Κύριος συγγραφέας: Cook, R. Dennis
Άλλοι συγγραφείς: Weisberg, Sanford 1947-
Μορφή: Βιβλίο
Γλώσσα:English
Δημοσίευση: New York : Wiley, c1999
Σειρά:Wiley series in probability and statistics. Texts and references section
Θέματα:
Ετικέτες: Προσθήκη ετικέτας
Δεν υπάρχουν, Καταχωρήστε ετικέτα πρώτοι!

MARC

LEADER 00000nam a2200000 i 4500
001 1/14953
008 001220s1999 eng d
020 |a 0-471-31711-X 
035 |l 10065200 
040 |a GR-MY-UA  |b gre  |e aacr 
041 0 |a eng 
082 0 |a 519.536 
100 1 |a Cook, R. Dennis. 
245 1 0 |a Applied regression including computing and graphics /  |c R. Dennis Cook, Sanford Weisberg 
260 |a New York :   |b Wiley,   |c c1999 
300 |a xxvi, 593 p.;  |b ill.;  |c 24 cm. 
490 1 |a Wiley series in probability and statistics. Texts and references section 
504 |a Includes bibliographical references and index 
650 0 0 |a Regression analysis. 
700 1 |a Weisberg, Sanford  |d 1947- 
830 0 |a Wiley series in probability and statistics. Texts and references section 
852 |a INST  |b SAMOS  |e 20010202  |h 519.536 COO  |p 005300022103  |q 005300022103  |t BK  |y 23 
852 |a INST  |b SAMOS  |e 20010202  |h 519.536 COO  |p 005300022104  |q 005300022104  |t BK  |y 0 
852 |a INST  |b SAMOS  |e 20010202  |h 519.536 COO  |p 005300022105  |q 005300022105  |t BK  |y 0 
852 |a INST  |b SAMOS  |e 20001220  |h 519.536 COO  |p 005300022499  |q 005300022499  |t BK  |y 0 
852 |a INST  |b SAMOS  |e 20001220  |h 519.536 COO  |p 005300024053  |q 005300024053  |t BK  |y 0 
901 |a BIBL3-2000-3 
901 |a BIBL3-2001-1 
909 |a Σ  |b 081842 
909 |a Σ  |b 081841 
909 |a Σ  |b 081461 
909 |a Σ  |b 081843 
909 |a Σ  |b 081462 
922 |a 3ΕΛΗ  |b 200011  |c ΤΣΑΕ  |d ΠΑΠΑΣΩΤΗΡΙΟΥ 
970 |a ΠΟΥΡΝΑΡΑΣ  |b ΔΗΜΗΤΡΗΣ  |z 2000/12/20